The Hurricane /

Guardado en:
Bibliografiske detaljer
Hovedforfatter: Jewison, Norman (realización)
Andre forfattere: Bernstein, Armyan (guión) (guión), Gordon, Dan (guión) (guión), Deakins, Roger (fotógrafo) (fotógrafo), Rivkin, Stephen E. (montaje) (montaje), Young, Christopher (música) (música), Washington, Denzel (actuación) (actuación), Shannon, Vicellous Reon (actuación) (actuación), Unger, Deborah Kara (actuación) (actuación), Benn, Colleen A. (producción) (producción), Mansi, Marian (producción) (producción), Rubinstein, Wes M. (montaje) (montaje), Ruiz, Michael (montaje) (montaje)
Format: Slide
Sprog:engelsk
Udgivet: EUA : Universal City, EUA : Beacon Films ; Universal Pictures, c1999-2000
Fag:
Tags: Tilføj Tag
Ingen Tags, Vær først til at tagge denne postø!

MARC

LEADER 00000ngm^a2200000^a^4500
001 000187040
005 20251020000000.0
009 20260310102247.533
020 |a 0-7832-4228-X 
037 |a Acervo ITESO - Biblioteca 
041 |a ING 
082 |a 810.  |b JEW 
100 |a Jewison, Norman  |e (realización) 
240 1 1 |a [Huracán] 
240 1 1 |a [Spotlight on Location] 
245 1 4 |a The Hurricane /  |c Realización de N. Jewison. 
246 2 |a Título de exhibición cinematográfica en México: Huracán 
264 4 |a EUA :  |b Beacon Films ;  |a Universal City, EUA :  |b Universal Pictures,  |c c1999-2000 
264 2 |a Universal City, EUA :  |b Universal Pictures [distribución],  |c 2000, c2000 
300 |a 1 DVD región 1  |c (146, 20 min.) +  |e 1 díptico 
336 |a imagen móvil bidimensional  |b tdi  |2 rdacontenido 
337 |a video  |b v  |2 rdamedio 
338 |a videodisco  |b vd  |2 rdasoporte 
500 |a Basado en: The 16th Round: From Number 1 Contender to #45472, de Rubin Carter 
500 |a Basado en: Lazarus and the Hurricane: The Freeing of Rubin "Hurricane" Carter, de Sam Chaiton y Terry Swinton 
546 |a En inglés, con subtítulos opcionales: inglés 
546 |a Doblaje opcional: francés 
649 |a XX 
650 |a Melodramas 
650 |a Dramas Cinematográficos 
650 |a Making Of (Documentales detrás de Cámaras) 
650 |a Cine Norteamericano -  |y 1990-1999 
650 |a Cine Norteamericano -  |y Siglo XX 
650 |a Cine Norteamericano -  |x Historia y Crítica 
650 |a Presos Norteamericanos -  |x Memorias -  |x Adaptaciones para Cine 
650 |a Boxeadores en el Cine 
650 |a Boxeadores Norteamericanos -  |x Memorias -  |x Adaptaciones para Cine 
650 |a Deportistas Profesionales en el Cine 
650 |a Deportistas Profesionales Norteamericanos -  |x Memorias -  |x Adaptaciones para Cine 
650 |a Negros en EUA -  |x Condiciones Jurídicas 
650 |a Negros en EUA -  |x Condiciones Sociales y Culturales 
650 |a Boxeo en el Cine 
650 |a Deportes en el Cine 
650 |a Libertad 
650 |a Racismo -  |z EUA 
650 |a Discriminación -  |z EUA 
650 |a Corrupción -  |z EUA 
650 |a Justicia e Injusticia -  |z EUA 
650 |a Problemas Sociales -  |z EUA 
650 |a Juicios -  |z EUA 
650 |a Juicios -  |z EUA 
650 |a Proceso Penal -  |z EUA 
650 |a Cárceles y Centros de Readaptación Social -  |z EUA 
650 |a Pena (Derecho) -  |z EUA 
650 |a Error (Derecho) -  |z EUA 
650 |a Responsabilidad Penal -  |z EUA 
650 |a Inocencia (Derecho) -  |z EUA 
650 |a Culpa (Derecho) -  |z EUA 
650 |a Justicia -  |x Administración -  |z EUA 
650 |a Derecho Procesal Penal -  |z EUA 
650 |a Derecho Penal -  |z Passaic, EUA -  |x Historia -  |y Siglo XX 
650 |a Derecho Penal -  |z Nueva Jersey, EUA -  |x Historia -  |y Siglo XX 
650 |a Derecho Penal -  |z EUA -  |x Historia 
650 |a Nueva Jersey, EUA en el Cine 
650 |a Carter, Rubin -  |x Tema Principal 
650 |a Chaiton, Sam 
650 |a Jewison, Norman 
650 |a Swinton, Terry 
740 0 |a Spotlight on Location :  |b The Miracle of The Hurricane /  |c Prod. de C.A. Benn, M. Mansi. 
700 |a Bernstein, Armyan  |e (guión) 
700 |a Gordon, Dan  |e (guión) 
700 |a Deakins, Roger  |e (fotógrafo) 
700 |a Rivkin, Stephen E.  |e (montaje) 
700 |a Young, Christopher  |e (música) 
700 |a Washington, Denzel  |e (actuación) 
700 |a Shannon, Vicellous Reon  |e (actuación) 
700 |a Unger, Deborah Kara  |e (actuación) 
700 |a Benn, Colleen A.  |e (producción) 
700 |a Mansi, Marian  |e (producción) 
700 |a Rubinstein, Wes M.  |e (montaje) 
700 |a Ruiz, Michael  |e (montaje) 
910 |a Fondo General 
920 |a Audiovisuales - DVDs 
940 |a Películas 
905 |a 302 
901 |a 0500094100  |b IT2  |c DVS  |u 20250521 
902 |a https://opac.biblio.iteso.mx/vufind/Record/000187040